| 000 | 01803nam0a2200337 4500 | ||
|---|---|---|---|
| 001 | RU\NLR\BIBL_A\022609275 | ||
| 005 | 20260420052531.0 | ||
| 010 |
_a978-5-7807-1487-3 _9300 |
||
| 021 |
_aRU _bКН-П-25-038993 _9КН-П-25-3810 |
||
| 035 | _a(NLR Aleph) 022609275 | ||
| 090 |
_a13682811 _c13682811 |
||
| 100 | _a20250826d2025 u y0rusy50 ca | ||
| 101 | 0 |
_arus _aeng |
|
| 102 | _aRU | ||
| 105 | _ay|||j|||000yy | ||
| 181 | 0 |
_ai4 _baxxe |
|
| 182 | 0 | _an | |
| 200 | 1 |
_aТеоретические и практические аспекты английской авторской лексикографии _eучебное пособие _eдля студентов направления 45.03.01 "Иностранный язык и литература, переводоведение" _fЕ. А. Крупина _gМинистерство науки и высшего образования Российской Федерации, ФГБОУ ВО "Ивановский государственный университет" |
|
| 203 |
_aТекст _bвизуальный _cнепосредственный |
||
| 210 |
_aИваново _cИвановский государственный университет _d2025 (макет 2024) |
||
| 215 |
_a90 с. _d21 |
||
| 320 | _aБиблиогр.: с. 83-90 | ||
| 333 | _a12+ | ||
| 606 | 1 |
_aАнглийский язык _jУчебные издания для высших учебных заведений _xЛексикография _xИстория _9969415 _3RU\NLR\AUTH\6644489 |
|
| 686 | 1 | _aШ143.21-93рус3-4г | |
| 686 | 1 | _aШ143.21-4г.я7 | |
| 700 | 1 |
_aКрупина _bЕ. А. _gЕкатерина Алексеевна |
|
| 942 | _cBOOK | ||
| 980 | _aNB | ||